000 01516nam0a2200313 i 4500
001 RU\NLR\bibl\1958507
005 20260408043109.0
010 _a9785977602570
_bв пер.
010 _a978-5-16-006194-8
_9500
021 _aRU
_b2012-74330
_95502
035 _a(NLR Aleph) 001947557
090 _a3650384
_c3650384
100 _a20121022d2012 k y0rusy50 ca
101 0 _arus
102 _aRU
105 _ay |||||||||
200 1 _aРусский мир - 2012
_ecборник статей
_fРос. гос. торг.-экон. ун-т, Центр исслед. православ. культуры и традиции РГТЭУ
_g[гл. ред.: засл. деят. науки РФ, д.ю.н., проф. С.Н. Бабурин]
210 _aМосква
_cМагистр
_cИНФРА-М
_d2012
215 _a430, [1] с.
_d22
320 _aБиблиогр. в подстроч. примеч.
607 _aРоссия
_jСборники
_xИстория
_91554184
_3RU\NLR\auth\66979780
686 _aТ3(2)я43
702 1 _aБабурин
_bС. Н.
_f1959-
_gСергей Николаевич
_4340
712 0 2 _4570
_aРоссийский государственный торгово-экономический университет
_bЦентр исследований православной культуры и традиции
_3RU\NLR\AUTH\8810190840
_9871738
801 0 _aRU
_bNLR
_c20121022
_gRCR
801 1 _aRU
_bNLR
_c20121022
942 _cBOOK
980 _aNBR